Modelovanie efektívnosti komerčných bánk
Efektívnosť ako pomer výstupov a vstupov. Viacej druhov efektívnosti. Analýza efektívnosti - analýza obalov dát (Data Envelopment Analysis - DEA). Aplikácia modelu DEA na príklade. Analýza efektívnosti bánk. Príklad určenia efektívnosti 10 slovenských komerčných bánk.
Salvato in:
| Autore principale: | |
|---|---|
| Natura: | Capitolo di libro |
| Lingua: | slovacco |
| Soggetti: | |
| Tags: |
Nessun Tag, puoi essere il primo ad aggiungerne!!
|
MARC
| LEADER | 00000naa a2200000 4500 | ||
|---|---|---|---|
| 001 | r043779 | ||
| 005 | 20220606114228.7 | ||
| 041 | 0 | |a slo | |
| 044 | |a SK | ||
| 245 | 1 | 0 | |a Modelovanie efektívnosti komerčných bánk |c Ladislav Unčovský |
| 520 | |a Efektívnosť ako pomer výstupov a vstupov. Viacej druhov efektívnosti. Analýza efektívnosti - analýza obalov dát (Data Envelopment Analysis - DEA). Aplikácia modelu DEA na príklade. Analýza efektívnosti bánk. Príklad určenia efektívnosti 10 slovenských komerčných bánk. | ||
| 610 | 2 | 0 | |a banky obchodné |
| 610 | 2 | 0 | |a efektívnosť |
| 610 | 2 | 0 | |a modelovanie |
| 610 | 2 | 0 | |a efektívnosť relatívna |
| 610 | 2 | 0 | |a analýzy |
| 610 | 2 | 0 | |a DEA analýza |
| 610 | 2 | 0 | |a modely matematické |
| 100 | 1 | |a Unčovský, Ladislav | |